[Event "HCL-A143"]
[Site "www.playchess.de"]
[Date "2001.04.27"]
[Round "10"]
[White "plobi"]
[Black "Gruhni"]
[WhiteElo "1244"]
[BlackElo "1300"]
[PlyCount "47"]
[Result "1/2-1/2"]

1.d4 {hy gruhni, somit komm ich doch noch zu 
meiner revanche! das eine turnier haben wir ja 
beide gewonnen}  Nf6 {Hallo plobi! Eigentlich ist 
es ja meine Revanche, da unsere letzte Partie du 
gewonnen hast :-)}  2.c4 {stimmt eigentlich! somit 
bist du ja voll motiviert ... *g*}  e6 {Das bin 
ich}  3.Nf3 {na, dann bin ich mal gespannt ...}  
d5 {... aber das Fleisch ist willig, der Geist ist 
schwach :-)}  4.Nc3 {muss mich gerade von richard 
bei einer ACL-Partie beschimpfen lasse, dass ich 
so einen müll spiele!!}  Bb4 {Soll doch froh sein 
:)}  5.e3 {eh, aber er hat halt gemeint, dass ich 
in der ACL-A nichts verloren habe! bin jetzt eh in 
der E! *g*}  O-O 6.Qd3 Nc6 7.a3 Bxc3+ 8.Qxc3 Re8 
9.Bd3 {und, ostern gut überstanden???}  Qe7 {Klar, 
und selbst?}  10.O-O {doch, alle nester gefunden 
... -:)}  Bd7 11.Re1 {hab jetzt gegen patrick auch 
wieder eine partie laufen ...}  dxc4 12.Bxc4 h6 
13.e4 e5 14.d5 Nb8 15.b4 Bg4 16.Bb2 {so, jetzt bin 
ich wieder da ...}  Nbd7 17.Rac1 Rac8 18.h3 Bxf3 
{Nils hat ja sämtliche Partien aufgegeben :(}  
19.Qxf3 {ja, er hat mir somit in 2 klassen 
unverhofft zum frühzeitigen klassenerhalt 
verholfen ... :-)}  c6 {Und mir zum fast sicheren 
Sieg in diesem Turnier. Ich stand wirklich 
schlecht gegen ihn :)}  20.dxc6 {du hast schon zu 
100 % gewonnen! ich verliere ziemlich sicher gegen 
one i ...}  Rxc6 {Ja, da kann ich mir ja eine 
Niederlage gegen dich leisten ;)}  21.Bb5 {:-)))) 
jaja, wiege mich nur in sicherheit!! noch ist 
alles drin hier!!!}  Rcc8 {Ja, vom Material her 
ist die Partie noch ausgeglichen! Wie stehst du 
gegen Patrick?}  22.Bxd7 {naja, er meint es ist 
noch alles drin! ich glaube, es wird ein offenes 
spannendes endspiel!}  Rxc1 {Na dann wünsche ich 
euch beiden Viel Glück :) Habe das letzte Spiele 
gegen Patrick verloren :(}  23.Rxc1 {ja, habs 
gesehen! bei patrick und mir steht es momentan 
noch 2,5 : 2,5 ...}  Qxd7 {Gegen mich führt er um 
einen Punkt. 7:6 glaube ich. Zwischen uns stehts 
1:1.}  24.Rd1 {echt 1:1??? ich dachte, wir hatten 
schon drei partien ...???}  1/2-1/2

[Event "HCL-A150"]
[Site "www.playchess.de"]
[Date "2001.04.27"]
[Round "1"]
[White "Nils"]
[Black "One_i"]
[WhiteElo "1753"]
[BlackElo "1636"]
[PlyCount "24"]
[Result "0-1"]

1.e4 d5 2.exd5 Nf6 3.Bb5+ Bd7 4.Bc4 Bg4 5.f3 Bf5 
6.Nc3 c6 7.dxc6 bxc6 8.Nge2 e6 9.d3 Nbd7 10.Nd4 
Qb6 11.Nxf5 exf5 12.Qe2+ Be7 0-1

[Event "HCL-A150"]
[Site "www.playchess.de"]
[Date "2001.04.27"]
[Round "2"]
[White "whatsleft2"]
[Black "Nils"]
[WhiteElo "1815"]
[BlackElo "1753"]
[PlyCount "23"]
[Result "1-0"]

1.e4 e5 2.Nf3 {goodluck}  Nc6 3.d4 exd4 4.c3 dxc3 
5.Bc4 cxb2 6.Bxb2 Nf6 7.O-O Qe7 8.Re1 d6 9.Nc3 Ne5 
10.Nd5 Nxd5 11.Nxe5 dxe5 12.exd5 1-0

[Event "HCL-A150"]
[Site "www.playchess.de"]
[Date "2001.04.27"]
[Round "4"]
[White "Nils"]
[Black "deadeasy"]
[WhiteElo "1753"]
[BlackElo "1885"]
[PlyCount "20"]
[Result "0-1"]

1.e4 c5 {hello from london}  2.Nf3 {hi}  Nc6 3.Nc3 
e6 4.Bb5 Nge7 5.d4 cxd4 6.Nxd4 a6 7.Nxc6 Nxc6 
8.Bc4 Qc7 9.O-O b5 10.Bd3 Bc5 0-1

[Event "HCL-A150"]
[Site "www.playchess.de"]
[Date "2001.04.27"]
[Round "9"]
[White "mgwili"]
[Black "whatsleft2"]
[WhiteElo "1672"]
[BlackElo "1815"]
[PlyCount "74"]
[Result "1/2-1/2"]

1.e4 {hello}  d5 {hi and goodluck}  2.exd5 Nf6 
3.Nf3 Nxd5 4.d4 g6 5.Bd3 Bg7 6.O-O O-O 7.h3 Nc6 
8.c3 e5 9.dxe5 Nxe5 10.Nxe5 Bxe5 11.Bh6 Nf4 
12.Bxf4 Bxf4 13.Qf3 Qg5 14.Na3 c6 15.Nc2 Be6 
16.Nd4 Bd5 17.Be4 Bxe4 18.Qxe4 Rfe8 19.Qf3 Be5 
20.Rad1 Rad8 21.Rfe1 Bxd4 22.Rxe8+ Rxe8 23.Rxd4 
Qc1+ 24.Kh2 Qxb2 25.Rb4 Qxa2 26.Rxb7 Rc8 27.Qg4 
Ra8 28.Qd4 Qe6 29.Rd7 c5 30.Qd2 a6 31.Rd5 Qc6 
32.c4 a5 33.Rd8+ Rxd8 34.Qxd8+ Kg7 35.Qxa5 Qd6+ 
36.Kg1 Qd1+ 37.Kh2 Qd4 1/2-1/2

[Event "HCL-C304"]
[Site "www.playchess.de"]
[Date "2001.04.27"]
[Round "14"]
[White "chico"]
[Black "TRUBLU"]
[WhiteElo "1269"]
[BlackElo "1011"]
[PlyCount "83"]
[Result "1-0"]

1.e4 e5 2.Nf3 d6 3.Nc3 c6 4.Bc4 b5 5.Bb3 a5 6.a3 
a4 7.Ba2 h6 8.h3 Be7 9.d3 Ba6 10.O-O Nf6 11.Bd2 g5 
12.Nh2 Bc8 13.Qf3 Na6 14.Rfe1 b4 15.axb4 Nxb4 
16.Bb1 Rg8 17.Rxa4 Rxa4 18.Nxa4 g4 19.hxg4 Nxg4 
20.Bxb4 Bh4 21.Rf1 h5 22.g3 Nxh2 23.Kxh2 Bg4 
24.Qh1 Qg5 25.Kg1 Be2 26.Qh3 Bxf1 27.Qc8+ Ke7 
28.Qc7+ Kf8 29.Bxd6+ Kg7 30.Bxe5+ Kh7 31.Qxf7+ Rg7 
32.Qxg7+ Qxg7 33.Bxg7 Kxg7 34.Kxf1 Bf6 35.f4 h4 
36.gxh4 Bxh4 37.f5 Kf6 38.Nc5 Bg3 39.c4 Ke5 40.b4 
Bh4 {should i resign?}  41.Ne6 {if you want}  Be7 
42.c5 1-0

[Event "ACL-A179"]
[Site "www.playchess.de"]
[Date "2001.04.27"]
[Round "4"]
[White "bogdan"]
[Black "vijal"]
[WhiteElo "1500"]
[BlackElo "1373"]
[PlyCount "33"]
[Result "1-0"]

1.e4 {Hi.Say a time when you are on internet to 
make faster the opening moves.Thx.By}  e5 2.Nf3 
Nc6 3.d4 exd4 4.c3 dxc3 5.Bc4 cxb2 6.Bxb2 d6 7.O-O 
Nf6 8.Ng5 Ne5 9.Bxe5 Be6 10.Nxe6 fxe6 11.Bb2 Be7 
12.Bxe6 Rf8 13.Nd2 d5 14.e5 Ne4 15.Nxe4 dxe4 
16.Qh5+ g6 17.Qxh7 1-0

[Event "HCL-B323"]
[Site "www.playchess.de"]
[Date "2001.04.27"]
[Round "20"]
[White "hassell"]
[Black "donkey"]
[WhiteElo "1745"]
[BlackElo "1345"]
[PlyCount "53"]
[Result "1-0"]

1.e4 {Hello pleased to meet you}  e5 {hello}  
2.Nf3 Nf6 3.Nxe5 d6 4.Nc4 Nxe4 5.d4 d5 6.Ne3 Nc6 
7.c3 Qf6 8.Qc2 Be6 9.Bd3 Nd6 10.Nd2 O-O-O 11.Nb3 
Be7 12.Nc5 g6 13.Qa4 Nc4 14.Nxb7 Kxb7 15.Bxc4 dxc4 
16.Qb5+ Kc8 17.Qxc6 Kb8 18.Nxc4 Bxc4 19.Qxc4 Rhe8 
20.O-O Rdc8 21.Re1 h5 22.h4 Qxh4 23.Qb5+ Ka8 
24.Qc6+ Kb8 25.Re5 Rcd8 26.Bg5 Bxg5 
27.Rxe8 1-0

[Event "HCL-C320"]
[Site "www.playchess.de"]
[Date "2001.04.27"]
[Round "8"]
[White "Eusebio"]
[Black "lsoule"]
[WhiteElo "799"]
[BlackElo "1014"]
[PlyCount "48"]
[Result "0-1"]

1.e4 e5 2.Nc3 Nf6 3.d3 Bb4 4.Bd2 d5 5.a3 Ba5 6.b4 
Bb6 7.Qf3 d4 8.Nd5 Nxd5 9.exd5 O-O 10.Rc1 c6 
11.Qg3 Qf6 12.c4 c5 13.Bg5 Qf5 14.a4 cxb4 15.c5 
Ba5 16.c6 b3+ 17.Kd1 bxc6 18.Rb1 cxd5 19.Rxb3 Bd7 
20.Be2 Bxa4 21.Kc2 Qc8+ 22.Kb2 Bxb3 23.Kxb3 Qc3+ 
24.Ka4 Qb4+ 0-1

[Event "HCL-C320"]
[Site "www.playchess.de"]
[Date "2001.04.27"]
[Round "12"]
[White "thalis"]
[Black "Eusebio"]
[WhiteElo "1101"]
[BlackElo "799"]
[PlyCount "41"]
[Result "1-0"]

1.e4 e5 2.f4 Nf6 3.Nf3 g6 4.fxe5 Bc5 5.exf6 Qxf6 
6.d4 d6 7.dxc5 O-O 8.Bc4 Re8 9.Nc3 Nc6 10.Bg5 Qg7 
11.cxd6 h6 12.Bf4 g5 13.Bg3 g4 14.O-O b6 15.d7 
Bxd7 16.Qxd7 Ne7 17.Ne5 Qg5 18.Bxf7+ Kg7 19.Bxe8 
Qe3+ 20.Kh1 Qg5 21.Rf5 1-0

[Event "HCL-B330"]
[Site "www.playchess.de"]
[Date "2001.04.27"]
[Round "2"]
[White "yxw1"]
[Black "GM2600"]
[WhiteElo "1489"]
[BlackElo "1199"]
[PlyCount "59"]
[Result "1/2-1/2"]

1.Nf3 d5 2.g3 Nc6 3.Bg2 e5 4.d3 Bf5 5.e4 dxe4 
6.dxe4 Qxd1+ 7.Kxd1 Bxe4 8.Nc3 O-O-O+ 9.Bd2 Nf6 
10.Re1 Bxf3+ 11.Bxf3 Nd4 12.Bg2 Kb8 13.Rxe5 Ng4 
14.Rd5 Rxd5 15.Nxd5 Nxf2+ 16.Kc1 Ne2+ 17.Kb1 c6 
18.Nf4 Nxf4 19.Bxf4+ Kc8 20.Be3 Ng4 21.Bh3 h5 
22.Bxa7 Be7 23.Bb6 Re8 24.a3 Bd6 25.Ka2 f5 26.Rd1 
Bc7 27.Bg1 Rd8 28.Rxd8+ Kxd8 29.Bf1 {U r doing 
very well!}  g5 {Thanks, so are you! Most of my 
thinking is gonig into this game more than any 
other.}  30.Be2 {I really had problem at the 
opening.  Luckly, I didn't make serious mistake 
later. Nice game!}  1/2-1/2

[Event "HCL-A160"]
[Site "www.playchess.de"]
[Date "2001.04.27"]
[Round "13"]
[White "Chapo"]
[Black "LUCIANO"]
[WhiteElo "1936"]
[BlackElo "1308"]
[PlyCount "37"]
[Result "1-0"]

1.c4 e5 2.Nc3 Nf6 3.g3 d6 4.Bg2 Be7 5.d3 O-O 6.Nf3 
Nc6 7.O-O h6 8.a3 a6 9.b4 Rb8 10.b5 axb5 11.cxb5 
Na7 12.h3 Bd7 13.a4 c6 14.Qb3 cxb5 15.axb5 Nc8 
16.d4 Qc7 17.dxe5 dxe5 18.Nxe5 Qxe5 
19.Bf4 1-0

[Event "HCL-C321"]
[Site "www.playchess.de"]
[Date "2001.04.27"]
[Round "28"]
[White "king27"]
[Black "Tim"]
[WhiteElo "798"]
[BlackElo "642"]
[PlyCount "64"]
[Result "0-1"]

1.e4 e5 2.d4 d6 3.Bb5+ c6 4.Be2 Nf6 5.Bg5 h6 
6.Bxf6 Qxf6 7.c3 Qg6 8.Bf3 h5 9.h3 Nd7 10.Nd2 b5 
11.g4 hxg4 12.hxg4 Qg5 13.Rxh8 Nf6 14.Rh3 Nxg4 
15.Nb3 Nf6 16.Rg3 Qh4 17.Qd3 Be7 18.Rxg7 Bf8 
19.Rg3 Nh5 20.dxe5 Nxg3 21.fxg3 Qxg3+ 22.Kd2 Qf2+ 
23.Qe2 Qb6 24.exd6 Bxd6 25.e5 Be7 26.Bh5 Bg5+ 
27.Kc2 Bf5+ 28.Qd3 Bxd3+ 29.Kxd3 Qe3+ 30.Kc2 Qe4+ 
31.Kd1 Rd8+ 32.Nd2 Rxd2+ 0-1

[Event "HCL-B332"]
[Site "www.playchess.de"]
[Date "2001.04.27"]
[Round "10"]
[White "AD"]
[Black "Percolator"]
[WhiteElo "1417"]
[BlackElo "1770"]
[PlyCount "26"]
[Result "0-1"]

1.e4 e5 2.d3 f5 3.exf5 Nf6 4.a3 d5 5.g4 Bc5 6.Qe2 
O-O 7.Bg5 Qd6 8.Nd2 Nc6 9.Bg2 Nd4 10.Qd1 Nxg4 
11.Nh3 Bxf5 12.O-O e4 13.dxe4 Qxh2+ 0-1

[Event "HCL-B333"]
[Site "www.playchess.de"]
[Date "2001.04.27"]
[Round "13"]
[White "Gandalf_9417"]
[Black "lonewolf"]
[WhiteElo "1297"]
[BlackElo "1707"]
[PlyCount "48"]
[Result "0-1"]

1.d4 Nf6 2.c4 b6 3.Nf3 Bb7 4.Nc3 e6 5.a3 d5 6.cxd5 
Nxd5 7.Qc2 Nxc3 8.Qxc3 Nd7 9.Bg5 f6 10.Bf4 Bd6 
11.Bg3 O-O 12.e3 Rc8 13.Bd3 Qe8 14.Rc1 Qh5 15.Ke2 
a6 16.b4 b5 17.Rc2 Bxg3 18.fxg3 e5 19.e4 f5 20.d5 
Nf6 21.Kf2 fxe4 22.Be2 exf3 23.Bxf3 Qh6 24.Qxe5 
Ng4+ 0-1

[Event "HCL-B331"]
[Site "www.playchess.de"]
[Date "2001.04.27"]
[Round "23"]
[White "gktyro"]
[Black "Stephen21"]
[WhiteElo "1405"]
[BlackElo "1190"]
[PlyCount "41"]
[Result "1-0"]

1.e4 d5 2.exd5 Qxd5 3.Nc3 Qe6+ 4.Be2 Nf6 5.Nf3 g6 
6.d4 Bg7 7.Bf4 Qb6 8.Rb1 O-O 9.O-O Bg4 10.Be3 Nc6 
11.d5 Qb4 12.dxc6 bxc6 13.h3 Rad8 14.Qe1 Bf5 15.a3 
Qd6 16.Rd1 Qe6 17.Nd4 Qe5 18.Nxc6 Qe6 19.Nxd8 Qc8 
20.Nc6 Bxc2 21.Nxe7+ 1-0

[Event "HCL-B339"]
[Site "www.playchess.de"]
[Date "2001.04.27"]
[Round "1"]
[White "Coney"]
[Black "mouloud"]
[WhiteElo "1215"]
[BlackElo "1082"]
[PlyCount "46"]
[Result "1/2-1/2"]

1.d4 d5 2.c4 dxc4 3.Nf3 e6 4.Nc3 Nf6 5.e4 Be7 6.e5 
Nd5 7.Bxc4 Nxc3 8.bxc3 b6 9.O-O O-O 10.Qc2 Bb7 
11.Bd3 g6 12.Be4 Bxe4 13.Qxe4 Qd5 14.Qxd5 exd5 
15.a4 c6 16.Ba3 Bxa3 17.Rxa3 Na6 18.Rc1 Rac8 19.c4 
dxc4 20.Rxc4 Rfd8 21.Rc1 Nb4 22.g3 Nd5 23.Ng5 
h6 1/2-1/2

[Event "HCL-C323"]
[Site "www.playchess.de"]
[Date "2001.04.27"]
[Round "8"]
[White "Mother_Teresa"]
[Black "Lukas"]
[WhiteElo "1214"]
[BlackElo "1216"]
[PlyCount "64"]
[Result "0-1"]

1.e4 e5 2.Nf3 Nc6 3.Bc4 Nf6 4.d3 Bc5 5.O-O d6 
6.Bg5 O-O 7.Nc3 h6 8.Bh4 Na5 9.Bb3 Nxb3 10.axb3 a6 
11.Nd5 g5 12.Bg3 Nxd5 13.exd5 b5 14.d4 exd4 
15.Nxd4 Bb7 16.Nf5 Qf6 17.Ne3 Rfe8 18.Ng4 Qg6 
19.c4 h5 20.Re1 Rxe1+ 21.Qxe1 hxg4 22.Qe2 f5 23.h3 
f4 24.Bh2 g3 25.Qe6+ Qxe6 26.dxe6 Bxf2+ 27.Kf1 Be4 
28.Ke2 Bxg2 29.Bg1 f3+ 30.Kd3 Bxg1 31.Rxg1 f2 
32.Ke2 fxg1Q {%}  0-1

[Event "HCL-C323"]
[Site "www.playchess.de"]
[Date "2001.04.27"]
[Round "10"]
[White "thalis"]
[Black "Lukas"]
[WhiteElo "1084"]
[BlackElo "1216"]
[PlyCount "68"]
[Result "0-1"]

1.g3 {Schon wieder Weiß ... :-)}  d5 {Leider! Du 
weist ja, vielleicht klappt es nächstes mal! :-)}  
2.Nf3 {Ich hätte schon Lust, mal wieder eine 
Partie zu gewinnen, so ist das nicht ... :-))}  
Nf6 {Kein Problem, hast ja noch andere Gegner! 
;-)}  3.Bg2 {noch ... !!!  :))))))}  e6 {Soll das 
Katalanisch werden?}  4.d4 {Das ist die Eröffnung 
gewesen, die ich gespielt habe, bevor ich 
irgendein Schachbuch je in die Hände}  Be7 
{Katalanisch habe ich schon ein paar mal gespielt. 
Allerdings nur mit Weiß}  5.O-O {Habe eben in 
einer anderen Partie einen Leichtsinnsfehler 
gemacht, ärger... sehe den falschen Zug, A}  O-O 
{Das passiert wenn man schnell zieht. Hab dadurch 
schon ein paar Schwierigkeiten bekommen...}  6.Ne5 
{Ahhh, ich bin richtig stinkesauer! Heute früh 
schnell geschaut, für schlecht befunden und vorhin 
doc}  c5 {Se5 kenne ich nicht. Habe mit c4 
gerechnet...}  7.c3 Nc6 8.e3 {Ich habe diese 
Eröffnung noch nirgends nachlesen können ... mal 
schauen was so alles kommt!}  Qb6 {Hättest Du c4 
gespielt wären wir in die Katalanische Eröffnung 
gekommen.}  9.b3 a5 10.f3 Kh8 11.e4 cxd4 12.cxd4 
{Heute spiele ich nur Schrott!}  Nxd4 {Ich habe 
gestern auch Mist gebaut. Mein Springer war 
ungedeckt. Mein Glück: Gegner hats nicht geseh.}  
13.Be3 {Gleich kommt noch eine mail ...}  Bc5 {Ich 
habe es versaut! - Sxe5 wäre richtig! :-(}  14.a3 
Nxb3 {Werde ich erst später lesen. - Muss los! Bis 
dann...}  15.Bxc5 {So eine Frustspielerei heute 
hier ...}  Qxc5+ {Ja, nun folgen Fehler auf beiden 
Seiten...}  16.Rf2 {Das war gestern der mit 
Abstand schlechteste Tg für mich hier!}  Nxa1 
17.Nd3 {Furchtbar, die letzten beiden Spiele hier. 
Bald ist Schluß und dann lasse ich mir wieder mehr 
Zeit!}  Qb6 {Ich verliere bei meinen Partien 
langsam den Überblick...}  18.Kh1 Qb3 19.Qf1 b5 
20.Rb2 Qc4 21.Nd2 Qd4 {.}  22.Rxb5 Ba6 23.Rxa5 
Bxd3 24.Rxa8 Rxa8 {Ab den "B" Turnieren werde ich 
meine Partienanzahl auch senken...!}  25.Qc1 {Ein 
Turnier könnte ich vielleicht gewinnen, wenn mir 
kein Schnitzer mehr unterläuft. Dann sehen wir}  
Bc4 26.exd5 {Ich gratuliere schon mal zu dem einen 
Spiel! ... ;-))}  exd5 {Danke!! Ich gehe gleich 
meine Turnierliste durch, hoffentlich hat jemand 
gepatzt...}  27.f4 Ne4 28.Bxe4 {Du findest abe 
auch immer wieder einen sehr schönen Zug!}  Nb3 
{Mache ich doch gerne! :-)}  29.Nxb3 {... wie man 
sieht!}  Qxe4+ {Schach! - Hast Du auch schon 
Gegner die seit über 6 Tagen nicht mehr gezogen 
haben...?}  30.Kg1 {Aber ja! Nervig, vor allem 
wenn Du eine schöne Idee hast... Hier sieht es ja 
sehr mau aus für mich.}  Bxb3 {Nach paar Tagen 
Pause weis man schon gar nicht mehr was man 
spielen wollte.}  31.Qc6 {Ich muß jetzt leider 
gleich wieder los. Und es wird später ... 
Vieleicht schaffen wir hier noch mein}  Qe1+ {Bis 
später dann...}  32.Kg2 {Na ja, mal ein paar 
schnelle züge noch}  Re8 33.Qb5 Bc4 34.Qc6 
Qf1+ 0-1

[Event "HCL-C330"]
[Site "www.playchess.de"]
[Date "2001.04.27"]
[Round "2"]
[White "sid317"]
[Black "DeDonatis"]
[WhiteElo "777"]
[BlackElo "1000"]
[PlyCount "34"]
[Result "0-1"]

1.e4 {Hi, Good Luck}  e5 2.Nf3 Nc6 3.Bb5 Nf6 4.Nc3 
Bb4 5.O-O O-O 6.Bxc6 dxc6 7.Nxe5 Re8 8.d4 c5 9.Be3 
h5 10.dxc5 Bg4 11.Qxd8 Raxd8 12.f3 Be6 13.c6 Rd6 
14.Nb5 Bc4 15.Rfd1 Red8 16.cxb7 R6xd1+ 17.Rxd1 
Rxd1+ 0-1

[Event "HCL-B339"]
[Site "www.playchess.de"]
[Date "2001.04.27"]
[Round "7"]
[White "Gruhni"]
[Black "Coney"]
[WhiteElo "1321"]
[BlackElo "1215"]
[PlyCount "49"]
[Result "1-0"]

1.e4 {Hello from Frankfurt in Germany!}  e5 {Hello 
from South Wales!}  2.Nf3 Nc6 3.Bb5 Bc5 4.d3 Nge7 
5.Nc3 a6 6.Ba4 b5 7.Bb3 O-O 8.Bg5 Kh8 9.Nd5 f6 
10.Bh4 Na5 11.Nxe5 fxe5 12.Nxe7 Bxf2+ 13.Bxf2 Qxe7 
14.O-O Nxb3 15.axb3 Bb7 16.Qh5 d5 17.exd5 Bxd5 
18.Rae1 Rae8 19.Bd4 Rxf1+ 20.Kxf1 Rf8+ 21.Kg1 Bxg2 
22.Kxg2 Qf6 23.Bc3 Qf2+ 24.Kh1 Qxc2 
25.Qxe5 1-0

[Event "HCL-B339"]
[Site "www.playchess.de"]
[Date "2001.04.27"]
[Round "8"]
[White "mouloud"]
[Black "Gruhni"]
[WhiteElo "1082"]
[BlackElo "1321"]
[PlyCount "65"]
[Result "1/2-1/2"]

1.c4 g6 {Hello from Frankfurt in Germany}  2.d4 
{hello from Paris, dear player}  Bg7 3.Nf3 d6 
4.Nc3 b6 5.e3 e5 6.dxe5 dxe5 7.Qxd8+ Kxd8 8.e4 Nf6 
9.Be2 Nc6 10.O-O Ke7 11.Bg5 Be6 12.Bxf6+ Bxf6 
13.Nd5+ Bxd5 14.cxd5 Nd4 15.Nxd4 exd4 16.Rac1 Kd8 
17.Rc2 Re8 18.f3 Bg7 19.Rfc1 Re7 20.b3 a6 21.Bd3 
h5 22.R2c6 Rd7 23.Kf2 a5 24.a4 Ra7 25.Bb5 Bh6 
26.Rd1 Be3+ 27.Ke2 Rd6 28.Kd3 Ke7 29.Rb1 Rxc6 
30.Bxc6 g5 31.Rb2 f6 32.Rc2 h4 33.h3 {draw?} 
 1/2-1/2

[Event "HCL-B339"]
[Site "www.playchess.de"]
[Date "2001.04.27"]
[Round "24"]
[White "rbverhoef"]
[Black "quant"]
[WhiteElo "1429"]
[BlackElo "1320"]
[PlyCount "35"]
[Result "1-0"]

1.e4 c5 2.f4 d5 3.e5 e6 4.Bb5+ Bd7 5.Bxd7+ Qxd7 
6.Nf3 Nc6 7.O-O Nge7 8.d4 cxd4 9.Nxd4 Nxd4 10.Qxd4 
Nc6 11.Qd1 Bc5+ 12.Kh1 O-O 13.Nc3 Rac8 14.Bd2 a6 
15.Qg4 b5 16.Rae1 d4 17.Ne4 Bb4 
18.Nf6+ 1-0

[Event "HCL-B341"]
[Site "www.playchess.de"]
[Date "2001.04.27"]
[Round "10"]
[White "fanny"]
[Black "hassell"]
[WhiteElo "1674"]
[BlackElo "1758"]
[PlyCount "36"]
[Result "0-1"]

1.d4 Nf6 {Hello}  2.Nf3 g6 3.e3 Bg7 4.Bd3 {hello 
from paris}  O-O 5.O-O d6 6.h3 Nbd7 7.c4 e5 {Hello 
from London}  8.dxe5 dxe5 9.Be2 e4 10.Nd4 c6 
11.Nc3 Qc7 12.b3 Qe5 13.Bb2 Rd8 14.Na4 Qe7 15.Qc1 
c5 16.Nc2 Ne5 17.Bxe5 Qxe5 18.Qb2 
Qg5 0-1

[Event "HCL-B142"]
[Site "www.playchess.de"]
[Date "2001.04.28"]
[Round "20"]
[White "OObuc"]
[Black "supercazzola"]
[WhiteElo "1181"]
[BlackElo "1500"]
[PlyCount "52"]
[Result "0-1"]

1.c4 g5 2.d4 Bg7 3.Bxg5 c5 4.Be3 Qb6 5.d5 Qxb2 
6.Nd2 Qxa1 7.Qxa1 Bxa1 8.Bxc5 d6 9.Bd4 Bxd4 10.Nb3 
Bc3+ 11.Kd1 Bf5 12.Nf3 Nd7 13.g3 Rc8 14.e3 Be4 
15.Bg2 Ne5 16.Nbd4 Bxd4 17.exd4 Nxf3 18.Bh3 Ng5 
19.Bxc8 Bxh1 20.c5 Bxd5 21.f4 Ne6 22.a3 Nf6 23.f5 
Nxd4 24.cxd6 exd6 25.g4 Ke7 26.g5 
Rxc8 0-1

[Event "HCL-A071"]
[Site "www.playchess.de"]
[Date "2001.04.28"]
[Round "23"]
[White "Rifleman"]
[Black "stud"]
[WhiteElo "1678"]
[BlackElo "1180"]
[PlyCount "63"]
[Result "1-0"]

1.e4 e5 2.Nf3 Nc6 3.Bb5 Bc5 4.O-O Nge7 5.Nc3 d6 
6.Nd5 Bd7 7.Nxe7 Qxe7 8.a4 a6 9.Bc4 O-O 10.c3 Bg4 
11.h3 Bh5 12.g4 Bg6 13.d4 exd4 14.cxd4 Nxd4 
15.Nxd4 Qxe4 16.Be3 Bb6 17.Qf3 Qe5 18.Qd5 Qxd5 
19.Bxd5 c6 20.Bg2 Bxd4 {this is going to be a 
LOOOOONG game, gl 4 the rest of it}  21.Bxd4 {Yea 
Ive lost 4 of 6 games. These guys are good.}  f5 
22.Rfe1 {:}  fxg4 23.Re7 Rf7 24.Rxf7 Kxf7 25.hxg4 
Re8 26.Bc3 h5 27.g5 Bc2 28.a5 Be4 29.Re1 d5 30.f3 
Bf5 31.Rxe8 Kxe8 32.Bxg7 1-0

[Event "HCL-B158"]
[Site "www.playchess.de"]
[Date "2001.04.28"]
[Round "20"]
[White "adamant"]
[Black "assmonkey"]
[WhiteElo "885"]
[BlackElo "1200"]
[PlyCount "170"]
[Result "1/2-1/2"]

1.c4 e5 {Good luck}  2.Nc3 Nf6 3.d3 Bb4 4.g3 O-O 
5.Bg2 c6 6.Bg5 d6 7.Nf3 Nbd7 8.O-O Nc5 9.d4 exd4 
{jogdish}  10.Nxd4 Re8 11.Re1 Ne6 12.Nf5 Nxg5 
13.Qc2 Bxf5 14.Qxf5 Ne6 15.Rad1 g6 16.Qc2 d5 17.e4 
d4 18.a3 Bd6 19.Nb1 c5 20.e5 Ng4 21.exd6 Qxd6 
22.Bxb7 Rab8 23.Bg2 Qb6 24.Re2 h5 25.Qd3 Qb3 26.h3 
Qxd3 27.Rxd3 Nf6 28.Kf1 h4 29.Rf3 Kg7 30.b3 Rbd8 
31.Rd3 hxg3 32.fxg3 a5 33.Nd2 g5 34.Rf2 g4 35.Rf5 
gxh3 36.Bxh3 Reh8 37.Kg2 Rh5 38.Rdf3 Rxf5 39.Bxf5 
Ne8 40.Ne4 d3 41.Nd2 Nf6 42.Rxd3 Rxd3 43.Bxd3 Nd4 
44.Kh3 Nd7 45.Kg2 Ne5 46.Be4 Kf6 47.Kh3 Kg5 48.Bb7 
Nd3 {badusy}  49.Nf3+ Nxf3 50.Bxf3 Nc1 51.Bd1 Kf5 
52.Bc2+ Ke5 53.Kg2 Kd4 54.Bd1 Kc3 55.Bh5 f6 56.b4 
cxb4 57.c5 bxa3 58.Bf7 Nb3 59.c6 a2 60.c7 a1Q {%}  
61.c8Q+ {%}  Kb2 62.Bxb3 Kxb3 63.Qe6+ Ka3 64.Qd6+ 
Ka2 65.Qd5+ Kb2 66.Qd2+ Kb1 67.Qd3+ Kc1 {Is this a 
draw or do you have something else that you want 
to try?}  68.Qf1+ Kb2 69.Qxf6+ {Lets try a few 
more moves}  Ka2 70.Qe6+ Kb1 71.Qf5+ Kb2 72.Qb5+ 
Kc1 73.Qc4+ Kb2 74.g4 Qa3 75.Qe2+ Kb3 76.g5 Qb2 
77.Qxb2+ Kxb2 78.g6 a4 79.g7 a3 80.g8Q {%}  a2 
81.Qb8+ Kc1 82.Qa7 Kb2 83.Qb6+ Ka1 84.Qa5 Kb2 
85.Qd2+ Kb1 1/2-1/2

[Event "HCL-M011"]
[Site "www.playchess.de"]
[Date "2001.04.28"]
[Round "19"]
[White "Zsozso"]
[Black "ARMAGEDON_8"]
[WhiteElo "2200"]
[BlackElo "2253"]
[PlyCount "64"]
[Result "0-1"]

1.e4 {Hello again!}  e5 2.Nc3 Nf6 {HELLO!! AND 
GOOD LUCK.}  3.f4 d5 4.fxe5 Nxe4 5.d3 Nxc3 6.bxc3 
d4 7.Nf3 dxc3 8.Be2 Be7 9.O-O Be6 10.Qe1 Nc6 
11.Qg3 Rg8 12.Be3 Qd5 13.a4 O-O-O 14.Rfb1 g5 
15.Rb5 Qd7 16.Kh1 g4 17.Ng1 a6 18.Rbb1 f6 19.Qe1 
fxe5 20.Qxc3 Nd4 21.Rb2 Bd5 22.Bf1 g3 23.h3 Rdf8 
24.Qd2 Rf5 25.c4 Bc6 26.Bxd4 Rh5 27.Nf3 Bxf3 
28.gxf3 Rxh3+ 29.Bxh3 Qxh3+ 30.Kg1 g2 31.Qxg2 
Rxg2+ 32.Rxg2 exd4 0-1

[Event "HCL-C162"]
[Site "www.playchess.de"]
[Date "2001.04.28"]
[Round "28"]
[White "Speedy"]
[Black "nikk"]
[WhiteElo "1280"]
[BlackElo "1207"]
[PlyCount "56"]
[Result "0-1"]

1.e4 {hello}  e6 2.d4 d5 3.e5 c5 4.c3 Nc6 5.Nf3 
Qb6 6.Na3 cxd4 7.cxd4 Bb4+ 8.Bd2 Nge7 9.Qc2 O-O 
10.Bc3 Nf5 11.O-O-O Bxa3 12.bxa3 Bd7 13.g4 Nfe7 
14.h4 Rac8 15.Ng5 g6 16.h5 h6 17.hxg6 fxg6 18.Rxh6 
Nxe5 19.dxe5 Rxf2 20.Rxg6+ Nxg6 21.Qxg6+ Kf8 
22.Nh7+ Ke7 23.Qg5+ Kf7 24.Qh5+ Kg7 25.Qg5+ Kh8 
26.Qf6+ Rxf6 27.exf6 Rxc3+ 28.Kd2 
Qe3+ 0-1

[Event "HCL-E024"]
[Site "www.playchess.de"]
[Date "2001.04.28"]
[Round "35"]
[White "GOUSGOUNIS"]
[Black "Goofy"]
[WhiteElo "2000"]
[BlackElo "2203"]
[PlyCount "64"]
[Result "0-1"]

1.e4 c6 2.d4 d5 3.e5 Bf5 4.g4 Bg6 5.Ne2 Be4 6.Rg1 
e6 7.Nd2 Bg6 8.Nf4 Ne7 9.h4 h6 10.Nxg6 Nxg6 11.h5 
Nh4 12.Nb3 Be7 13.Be3 Nd7 14.Qe2 a5 15.O-O-O a4 
16.Nd2 a3 17.b3 Qa5 18.Qd3 Rc8 19.f4 c5 20.Rh1 
cxd4 21.Bxd4 O-O 22.Qg3 Qd8 23.Bb5 Nb8 24.Kb1 Nc6 
25.Bf2 Qa5 26.Bxc6 Rxc6 27.Bd4 Rfc8 28.c3 R6xc3 
29.Bxc3 {TRICKY POSITIOM???!!!???}  Rxc3 {Very 
tricky!!!}  30.Qe1 Ng2 31.Qf2 Ne3 32.Rdc1 
Nxg4 0-1